| 000 | 00606cam a2200181 a 4500 | ||
|---|---|---|---|
| 020 | _a1559347066 | ||
| 040 | _cDLC | ||
| 082 | _a801 MAY 1997 A094 Or. | ||
| 100 | 1 | _aBirenbaum, Harvey. | |
| 245 | 1 | 4 |
_aThe happy critic : _ba serious but not solemn guide to thinking and writing about literature / |
| 260 |
_aMountain View, Calif. : _bMayfield Pub., _cc1997. |
||
| 300 |
_axv, 263 p. : _bill. ; _c22 cm. |
||
| 650 | 0 | _aCriticism. | |
| 650 | 0 | _aCriticism | |
| 856 | 4 | 2 | _uhttp://www.loc.gov/catdir/description/mh024/96023360.html |
| 856 | 4 | 1 | _uhttp://www.loc.gov/catdir/toc/mh023/96023360.html |
| 942 | _cEK | ||
| 999 |
_c13778 _d13778 |
||